<?xml version="1.0" encoding="UTF-8"?>
<record
    xmlns:xsi="http://www.w3.org/2001/XMLSchema-instance"
    xsi:schemaLocation="http://www.loc.gov/MARC21/slim http://www.loc.gov/standards/marcxml/schema/MARC21slim.xsd"
    xmlns="http://www.loc.gov/MARC21/slim">

  <leader>00625nas a22001817a 4500</leader>
  <controlfield tag="005">20090825100221.0</controlfield>
  <controlfield tag="006">a|||||r|||||00| 0 </controlfield>
  <controlfield tag="008">090825t        xxu||||| |||| 00| 0 eng d</controlfield>
  <datafield tag="022" ind1=" " ind2=" ">
    <subfield code="a">0973-3914</subfield>
  </datafield>
  <datafield tag="245" ind1=" " ind2=" ">
    <subfield code="a">Research journal of social and life sciences   </subfield>
  </datafield>
  <datafield tag="260" ind1=" " ind2=" ">
    <subfield code="a">Rewa</subfield>
    <subfield code="b">Gayatri Publications</subfield>
    <subfield code="c">2009-</subfield>
  </datafield>
  <datafield tag="300" ind1=" " ind2=" ">
    <subfield code="a">v.</subfield>
    <subfield code="c">24 cm</subfield>
  </datafield>
  <datafield tag="310" ind1=" " ind2=" ">
    <subfield code="a">Half yearly</subfield>
  </datafield>
  <datafield tag="270" ind1=" " ind2=" ">
    <subfield code="b">Rewa, (M.P.)</subfield>
    <subfield code="e">486001</subfield>
    <subfield code="m">gayatripublicationsrewa@rediffmail.com</subfield>
    <subfield code="z">gayatripublication.com</subfield>
  </datafield>
  <datafield tag="365" ind1=" " ind2=" ">
    <subfield code="b">Rs. 300.00 per annum</subfield>
  </datafield>
  <datafield tag="942" ind1=" " ind2=" ">
    <subfield code="2">ddc</subfield>
    <subfield code="c">SR</subfield>
    <subfield code="s">1</subfield>
  </datafield>
  <datafield tag="999" ind1=" " ind2=" ">
    <subfield code="c">29528</subfield>
    <subfield code="d">29528</subfield>
  </datafield>
  <datafield tag="952" ind1=" " ind2=" ">
    <subfield code="0">0</subfield>
    <subfield code="1">0</subfield>
    <subfield code="2">ddc</subfield>
    <subfield code="4">0</subfield>
    <subfield code="7">1</subfield>
    <subfield code="8">NFIC</subfield>
    <subfield code="a">DBAD</subfield>
    <subfield code="b">DBAD</subfield>
    <subfield code="d">2009-08-25</subfield>
    <subfield code="l">0</subfield>
    <subfield code="r">2009-08-25 00:00:00</subfield>
    <subfield code="w">2009-08-25</subfield>
    <subfield code="y">SR</subfield>
  </datafield>
</record>
